000 00336nam a2200121Ia 4500
008 230907s9999||||xx |||||||||||||| ||und||
082 _a150
_bCOO
100 _aCoon, Dennis.
_9116119
245 0 _aPsychology :
260 _aWadsworth, Engage Learning,
_bAustralia ; | Belmont, CA :
_c2012
300 _axl, 726, [182] p. :
942 _cBK
999 _c601105
_d601105